| 000 | 00371nam a2200121 4500 | ||
|---|---|---|---|
| 999 |
_c12293 _d12293 |
||
| 008 | 190122b ||||| |||| 00| 0 eng d | ||
| 100 |
_934731 _aMateo, Janvic |
||
| 245 |
_aBaguio college probed over mandatory pregnancy tests/ _cJanvic Mateo |
||
| 260 |
_aPhilippines _bThe Philippine Star _cc2018 |
||
| 300 | _apage 3. | ||
| 650 | 0 |
_934734 _aHuman rights. |
|
| 942 |
_2ddc _cPER |
||